000 01175nam0a22002891 4500
001 v19\rc\1679508
005 20250620082306.0
035 _a(NLR Aleph) 005243522
090 _a5729578
_c5729578
100 _a20061002d1895 |||y0rusy50 ca
101 0 _arus
102 _aRU
105 _aa z |||||
200 1 _aСредневековой монастырь и его обитатели
_fК.А. Иванов, преп. Спб. пятой гимназии, Патриот. ин-та и Уч-ща ордена св. Екатерины
210 _aСанкт-Петербург
_cУчеб. маг.
_d1895
215 _a[2], IV, 194 с.
_cил.
_d22
532 1 3 _aСредневековой монастырь и его обитатели
700 1 _7ca
_8rus
_aИванов
_bК. А.
_cисторик
_f1858-1919
_gКонстантин Алексеевич
_921362
_3RU\NLR\AUTH\7738378
801 2 _aRU
_bNLR
_c20080314
_2rusmarc
801 0 _aRU
_bNLR
_c20061002
_gpsbo
801 0 _aRU
_bRuMoRGB
_c20061002
_2psbo
801 1 _aRU
_bProSoft-M
_c20061002
_2rusmarc
852 _aNLR
_j18.186.4.47
852 _aNLR
_bМф
_jК1/22598
942 _cBOOK
980 _aNB